Glimpse of Indian Philosophy/ (Record no. 216645)

MARC details
000 -LEADER
fixed length control field 00555nam a22001937a 4500
005 - DATE AND TIME OF LATEST TRANSACTION
control field 20260615114528.0
010 ## - LCCN (DPL NO)
LC control number ENG-148822
020 ## - INTERNATIONAL STANDARD BOOK NUMBER
International Standard Book Number 9789394248021
Terms of availability 1150.00
035 ## - SYSTEM CONTROL NUMBER
System control number EN-132354
037 ## - SOURCE OF ACQUISITION
Source of stock number/acquisition DBAD
082 ## - DEWEY DECIMAL CLASSIFICATION NUMBER
Classification number 181.4
Edition number 1
100 ## - MAIN ENTRY--PERSONAL NAME
Personal name Sharma, Sunita
245 ## - TITLE STATEMENT
Title Glimpse of Indian Philosophy/
Statement of responsibility, etc Sunita Sharma
250 ## - EDITION STATEMENT
Edition statement 1
260 ## - PUBLICATION, DISTRIBUTION, ETC. (IMPRINT)
Place of publication, distribution, etc Varanasi
Name of publisher, distributor, etc Krishna Prakashan
Date of publication, distribution, etc 2022
270 ## - ADDRESS
Address B5/25 Oudhgarvi, Sonapura,
City Varanasi
Postal code 221001
Telephone number 8840071918
300 ## - PHYSICAL DESCRIPTION
Extent 282p.
Other physical details 22cm(hb)
942 ## - ADDED ENTRY ELEMENTS (KOHA)
Source of classification or shelving scheme Dewey Decimal Classification
Item type English Books
Classification part 181.4
Call number suffix SHA
Holdings
Withdrawn status Lost status Not for loan Collection code Home library Current library Date acquired Source of acquisition Cost, normal purchase price Full call number Barcode Copy number Cost, replacement price Koha item type
    Not For Loan Non-fiction D.B.Act.Division D.B.Act.Division 15/06/2026 Delivery of Books Act Division 1150.00 181.4 SHA EN-132354 1 1150.00 English Books

© Delhi Public Library
Hit Counter
free hit counter